ARRUPE JESUIT UNIVERSITY

CORONAVIRUS -STOP THE SPREAD - CLEAN,DISINFECT,COVER

Women's studies and studies of women in Africa during the 1990s / (Record no. 126106)

MARC details
000 -LEADER
fixed length control field 01097cam a2200313 a 4500
001 - CONTROL NUMBER
control field 739555
003 - CONTROL NUMBER IDENTIFIER
control field ARRUPE
005 - DATE AND TIME OF LATEST TRANSACTION
control field 20170214094733.0
008 - FIXED-LENGTH DATA ELEMENTS--GENERAL INFORMATION
fixed length control field 980723s1996 sg b i000 0 eng
010 ## - LIBRARY OF CONGRESS CONTROL NUMBER
LC control number 98980588
040 ## - CATALOGING SOURCE
Original cataloging agency DLC
Transcribing agency DLC
042 ## - AUTHENTICATION CODE
Authentication code lcode
043 ## - GEOGRAPHIC AREA CODE
Geographic area code f------
050 00 - LIBRARY OF CONGRESS CALL NUMBER
Classification number HQ1181.A35
Item number M36 1996
300 ## - PHYSICAL DESCRIPTION
Dimensions 22 cm.
100 1# - MAIN ENTRY--PERSONAL NAME
Personal name Mama, Amina.
9 (RLIN) 6150
245 10 - TITLE STATEMENT
Title Women's studies and studies of women in Africa during the 1990s /
Statement of responsibility, etc Amina Mama.
260 ## - PUBLICATION, DISTRIBUTION, ETC. (IMPRINT)
Place of publication, distribution, etc Dakar, Senegal :
Name of publisher, distributor, etc Codesria,
Date of publication, distribution, etc c1996.
300 ## - PHYSICAL DESCRIPTION
Extent 96 p. ;
490 1# - SERIES STATEMENT
Series statement Working paper series,
International Standard Serial Number 0850-8895 ;
Volume number/sequential designation 5/96
504 ## - BIBLIOGRAPHY, ETC. NOTE
Bibliography, etc Includes bibliographical references (p. 85-96).
650 #0 - SUBJECT ADDED ENTRY--TOPICAL TERM
Topical term or geographic name as entry element Women's studies
Geographic subdivision Africa.
9 (RLIN) 28793
650 #0 - SUBJECT ADDED ENTRY--TOPICAL TERM
Topical term or geographic name as entry element Sex role
Geographic subdivision Africa.
9 (RLIN) 3657
650 #0 - SUBJECT ADDED ENTRY--TOPICAL TERM
Topical term or geographic name as entry element Feminism
Geographic subdivision Africa.
9 (RLIN) 28794
651 #0 - SUBJECT ADDED ENTRY--GEOGRAPHIC NAME
Geographic name Africa
General subdivision Social conditions.
9 (RLIN) 28795
830 #0 - SERIES ADDED ENTRY--UNIFORM TITLE
Uniform title Working paper series (Codesria) ;
Volume number/sequential designation 96/5.
9 (RLIN) 28796
906 ## - LOCAL DATA ELEMENT F, LDF (RLIN)
a 7
b cbc
c origode
d 3
e ncip
f 19
g y-gencatlg
942 ## - ADDED ENTRY ELEMENTS (KOHA)
Source of classification or shelving scheme Library of Congress Classification
Koha item type Monograph ( Printed materials)
Holdings
Withdrawn status Lost status Source of classification or shelving scheme Damaged status Not for loan Collection code Home library Current library Shelving location Date acquired Total Checkouts Full call number Barcode Date last seen Date checked out Price effective from Koha item type
    Library of Congress Classification     Main Collection ARRUPE LIBRARY ARRUPE LIBRARY Main Collection 14/02/2017 2 HQ1181.A35 M36 1996 46500023867 14/06/2021 06/05/2021 14/02/2017 Monograph ( Printed materials)

 

Arrupe Library. PO Box MP320 Mt Pleasant, Harare, Zimbabwe
263 242 745411|librarian@aju.ac.zw